000 nam a22 a 4500
999 _c419427
_d419427
003 BLK
005 20220121180626.0
008 210611b bu |||||r|||| 00| | bu d
020 _a9789548675871
040 _aBLK
041 _aBUL
_cBUL
080 _aМетоди на управление. Мениджмънт. Анализи, планиране, ръководство, сътрудничество, контрол, коопериране и др.
_b005.5
_z005.5
100 _91299
_aДимитрова, Севдалина Илиева
_eпърви автор
139 _aДимитрова, Севдалина
_bД 58
245 _aМениджмънт на ресурсите в динамично променящата се среда на сигурност
_cСевдалина Димитрова
260 _9220467
_aРусе
_bПримакс Русе
_c2014
300 _a365 с.
_c22 см
380 _a0
650 0 _9245486
_aУправление - човешките ресурси
942 _cKNG
_n0
_s1
_01
944 _aCR
_c2021-06-11
_kВР
999 _d419427